Исследование корреляции мер центральности сетей энергетики; Информационные технологии в науке, управлении, социальной сфере и медицине; Ч. 1

Detalles Bibliográficos
Parent link:Информационные технологии в науке, управлении, социальной сфере и медицине: сборник научных трудов IV Международной научной конференции, 5-8 декабря 2017 г., Томск/ Национальный исследовательский Томский политехнический университет (ТПУ).— , 2017
Ч. 1.— 2017.— [С. 74-76]
Autor Principal: Носырева Е. В.
Summary:Заглавие с титульного экрана
Networks centrality measures can be used as indicators of the importance of the critical energy facilities. However, the number of centrality measures is large, so the problem arises of choosing from them several that most fully reflect all aspects of the importance of the object. If there is a high correlation between measures, one can assume that there is a relationship between them. Thus, the number of centrality measures considered can be reduced by eliminating some related measures. The paper investigates the correlation of centrality measures of two energy networks - the power supply network and the gas pipeline network.
Idioma:ruso
Publicado: 2017
Series:Моделирование в научных исследованиях
Subjects:
Acceso en liña:http://earchive.tpu.ru/handle/11683/46192
Formato: MixedMaterials Electrónico Capítulo de libro
KOHA link:https://koha.lib.tpu.ru/cgi-bin/koha/opac-detail.pl?biblionumber=625994

MARC

LEADER 00000naa2a2200000 4500
001 625994
005 20231101133405.0
035 |a (RuTPU)RU\TPU\conf\25290 
035 |a RU\TPU\conf\25289 
090 |a 625994 
100 |a 20180130d2017 k y0rusy50 ca 
101 0 |a rus  |d eng 
102 |a RU 
105 |a y z 101zy 
135 |a drgn ---uucaa 
181 0 |a i  
182 0 |a b 
200 1 |a Исследование корреляции мер центральности сетей энергетики  |d Research of correlation of centrality measures of energy networks  |f Е. В. Носырева 
203 |a Текст  |c электронный 
225 1 |a Моделирование в научных исследованиях 
230 |a 1 компьютерный файл (pdf; 467 Kb) 
300 |a Заглавие с титульного экрана 
320 |a [Библиогр.: с. 76 (3 назв.)] 
330 |a Networks centrality measures can be used as indicators of the importance of the critical energy facilities. However, the number of centrality measures is large, so the problem arises of choosing from them several that most fully reflect all aspects of the importance of the object. If there is a high correlation between measures, one can assume that there is a relationship between them. Thus, the number of centrality measures considered can be reduced by eliminating some related measures. The paper investigates the correlation of centrality measures of two energy networks - the power supply network and the gas pipeline network. 
461 1 |0 (RuTPU)RU\TPU\conf\25267  |t Информационные технологии в науке, управлении, социальной сфере и медицине  |o сборник научных трудов IV Международной научной конференции, 5-8 декабря 2017 г., Томск  |o в 2 ч.  |f Национальный исследовательский Томский политехнический университет (ТПУ)   |d 2017 
463 1 |0 (RuTPU)RU\TPU\conf\25268  |t Ч. 1  |f Национальный исследовательский Томский политехнический университет (ТПУ) ; ред. кол. О. Г. Берестнева ; А. А. Мицель ; Т. А. Гладкова  |v [С. 74-76]  |d 2017 
510 1 |a Research of correlation of centrality measures of energy networks  |z eng 
610 1 |a электронные ресурсы 
610 1 |a критические объекты 
610 1 |a энергетический сектор 
610 1 |a комплексные системы 
610 1 |a корреляция 
610 1 |a энергетическая безопасность 
700 1 |a Носырева  |b Е. В. 
801 2 |a RU  |b 63413507  |c 20180321  |g RCR 
856 4 |u http://earchive.tpu.ru/handle/11683/46192 
942 |c BK